[Event "Aeroflot Open 2016 B"]
[Site "Moscu RUS"]
[Date "2016.03.07"]
[Round "7.4"]
[White "Evdokimov, Alexander A"]
[Black "Harutyunian, Tigran K"]
[Result "1/2-1/2"]
[WhiteElo "2490"]
[BlackElo "2426"]
[PlyCount "100"]
[EventDate "2016.03.01"]
[EventType "swiss"]
[EventRounds "9"]
[EventCountry "RUS"]
[Source "lmi"]
[SourceDate "2016.03.01"]

1. d4 d5 2. c4 e6 3. Nf3 Nf6 4. g3 dxc4 5. Bg2 Nc6 6. Qa4 Bb4+ 7. Bd2 Nd5 8.
Bxb4 Ndxb4 9. O-O Rb8 10. Na3 O-O 11. Qb5 b6 12. Qxc4 Ba6 13. Nb5 Qd5 14. Qxd5
Nxd5 15. a4 Na5 16. Ne5 Rbd8 17. Nxa7 Nb4 18. Rac1 Rxd4 19. Rxc7 Bxe2 20. Rfc1
f6 21. Nec6 Nbxc6 22. Nxc6 Nxc6 23. R7xc6 Rfd8 24. h4 R8d6 25. Rxd6 Rxd6 26. b4
Rd4 27. Re1 Bc4 28. a5 bxa5 29. bxa5 Kf7 30. Rc1 Bd5 31. Ra1 Bxg2 32. Kxg2 Rd7
33. Kf3 Ke7 34. Ke4 h5 35. Kf4 Ra7 36. a6 Kd6 37. g4 g6 38. gxh5 gxh5 39. Ra5
Kd7 40. Ke4 Kc6 41. Kd4 Kb6 42. Rxh5 Rxa6 43. Rh6 Ra4+ 44. Ke3 Kc5 45. f4 e5
46. Rxf6 Rxf4 47. Rxf4 exf4+ 48. Kxf4 Kd6 49. Kf5 Ke7 50. Kg6 Kf8 1/2-1/2

[Event "Aeroflot Open 2016 B"]
[Site "Moscu RUS"]
[Date "2016.03.07"]
[Round "7.6"]
[White "Sagar, Shah"]
[Black "Chigaev, Maksim"]
[Result "1/2-1/2"]
[WhiteElo "2425"]
[BlackElo "2543"]
[PlyCount "62"]
[EventDate "2016.03.01"]
[EventType "swiss"]
[EventRounds "9"]
[EventCountry "RUS"]
[Source "lmi"]
[SourceDate "2016.03.01"]

1. d4 Nf6 2. c4 e6 3. Nf3 b6 4. g3 Bb7 5. Bg2 Be7 6. O-O O-O 7. Nc3 Ne4 8. Bd2
Bf6 9. Ne5 Nxc3 10. Bxc3 Bxg2 11. Kxg2 d5 12. Qd3 Bxe5 13. dxe5 Nd7 14. b4 dxc4
15. Qxc4 c5 16. Rfd1 Qc7 17. Rd6 Qb7+ 18. f3 cxb4 19. Qxb4 Rac8 20. a4 Rc7 21.
a5 Rfc8 22. Rad1 h6 23. axb6 axb6 24. Qb5 Rxc3 25. Rxd7 Qc6 26. Rd8+ Rxd8 27.
Rxd8+ Kh7 28. Qb1+ g6 29. Qb4 Qc4 30. Rh8+ Kxh8 31. Qf8+ Kh7 1/2-1/2

[Event "Aeroflot Open 2016 B"]
[Site "Moscu RUS"]
[Date "2016.03.07"]
[Round "7.7"]
[White "Gordievsky, Dmitry"]
[Black "Iljiushenok, Ilia"]
[Result "0-1"]
[WhiteElo "2524"]
[BlackElo "2479"]
[PlyCount "40"]
[EventDate "2016.03.01"]
[EventType "swiss"]
[EventRounds "9"]
[EventCountry "RUS"]
[Source "lmi"]
[SourceDate "2016.03.01"]

1. d4 d5 2. c4 c6 3. Nc3 dxc4 4. Nf3 Nf6 5. a4 Bf5 6. Ne5 e6 7. f3 Bb4 8. g4 c5
9. dxc5 Nd5 10. e4 Qh4+ 11. Ke2 Bxc3 12. Nxf7 Kxf7 13. gxf5 Rd8 14. fxe6+ Kxe6
15. exd5+ Rxd5 16. Qxd5+ Kxd5 17. bxc3 Nd7 18. Be3 Nxc5 19. Bg2 Re8 20. f4+ Kd6
0-1

[Event "Aeroflot Open 2016 B"]
[Site "Moscu RUS"]
[Date "2016.03.07"]
[Round "7.8"]
[White "Iljin, Timofey"]
[Black "Gabrielian, Artur"]
[Result "0-1"]
[WhiteElo "2330"]
[BlackElo "2512"]
[PlyCount "108"]
[EventDate "2016.03.01"]
[EventType "swiss"]
[EventRounds "9"]
[EventCountry "RUS"]
[Source "lmi"]
[SourceDate "2016.03.01"]

1. d4 Nf6 2. c4 c5 3. d5 e6 4. Nc3 exd5 5. cxd5 d6 6. e4 g6 7. f4 Bg7 8. Bb5+
Nfd7 9. Nf3 O-O 10. O-O a6 11. Bd3 b5 12. Kh1 Bb7 13. a3 Re8 14. f5 Nf6 15. Bg5
Nbd7 16. Qd2 Qe7 17. Rae1 Qf8 18. fxg6 hxg6 19. Qf4 Nh7 20. Qh4 Ne5 21. Bb1
Nxf3 22. Rxf3 Nxg5 23. Qxg5 Qe7 24. Qd2 Qe5 25. Ref1 Rf8 26. Qf2 Qe7 27. Nd1
Rae8 28. Ne3 Bc8 29. b4 c4 30. h3 Bd7 31. Kg1 Ra8 32. Kh1 a5 33. bxa5 Rxa5 34.
e5 dxe5 35. d6 Qxd6 36. Rxf7 Raa8 37. Be4 Bc6 38. Bxc6 Qxc6 39. Ng4 Qe6 40. Rf3
Rxf3 41. Qxf3 Rf8 42. Qd1 Rxf1+ 43. Qxf1 e4 44. Qf4 c3 45. Ne3 Qc6 46. Qf2 Bd4
47. Qa2+ Kg7 48. Nc2 Be5 49. Qb1 Qd5 50. Qg1 Qd3 51. Qa7+ Kh6 52. Qe3+ Qxe3 53.
Nxe3 Bd6 54. Nc2 Bxa3 0-1

[Event "Aeroflot Open 2016 B"]
[Site "Moscu RUS"]
[Date "2016.03.07"]
[Round "7.9"]
[White "Gurvich, Vitaly"]
[Black "Potapov, Pavel"]
[Result "1/2-1/2"]
[WhiteElo "2338"]
[BlackElo "2486"]
[PlyCount "32"]
[EventDate "2016.03.01"]
[EventType "swiss"]
[EventRounds "9"]
[EventCountry "RUS"]
[Source "lmi"]
[SourceDate "2016.03.01"]

1. d4 f5 2. g3 Nf6 3. Bg2 g6 4. Nf3 Bg7 5. b4 c6 6. c4 a5 7. b5 cxb5 8. cxb5 d6
9. a4 Nbd7 10. Qb3 Nb6 11. O-O e6 12. Ba3 Ne4 13. e3 O-O 14. Nbd2 Re8 15. Rac1
Kh8 16. Nc4 e5 1/2-1/2

[Event "Aeroflot Open 2016 B"]
[Site "Moscu RUS"]
[Date "2016.03.07"]
[Round "7.10"]
[White "Hayrapetyan, Hovik"]
[Black "Guo, Qi"]
[Result "1/2-1/2"]
[WhiteElo "2480"]
[BlackElo "2435"]
[PlyCount "179"]
[EventDate "2016.03.01"]
[EventType "swiss"]
[EventRounds "9"]
[EventCountry "RUS"]
[Source "lmi"]
[SourceDate "2016.03.01"]

1. c4 e6 2. Nf3 d5 3. e3 Nf6 4. b3 Be7 5. Bb2 O-O 6. Be2 c5 7. O-O Nc6 8. d4
cxd4 9. Nxd4 Nxd4 10. Qxd4 dxc4 11. Qxc4 Bd7 12. Bf3 Rc8 13. Qe2 Bc6 14. e4 Qa5
15. Nc3 Ba3 16. Bxa3 Qxa3 17. Qe3 Nd7 18. Rfd1 Qa5 19. a3 Qb6 20. Qxb6 Nxb6 21.
Be2 Rfd8 22. f3 Kf8 23. Kf2 Ke7 24. Rxd8 Rxd8 25. Ke3 Rc8 26. Rc1 e5 27. g3 g5
28. a4 a5 29. Rd1 f6 30. Rb1 Bd7 31. Kd2 h6 32. b4 Nxa4 33. Nd5+ Kf7 34. bxa5
Nc5 35. Bc4 Be6 36. Ke3 Rc6 37. Ba2 Kf8 38. Rb5 Bf7 39. h3 Bxd5 40. Bxd5 Rc7
41. f4 Kg7 42. fxe5 fxe5 43. Kf3 h5 44. h4 gxh4 45. gxh4 Kf8 46. Rb6 Ke7 47.
Rh6 Nd7 48. Rxh5 Rc3+ 49. Ke2 Ra3 50. Rh7+ Kd6 51. Rh6+ Kc7 52. h5 Rxa5 53. Kf3
Ra1 54. Kg4 Rf1 55. Kg5 Kd8 56. Re6 Rg1+ 57. Kh6 b5 58. Rg6 Rh1 59. Ra6 b4 60.
Kg6 Ke7 61. Re6+ Kd8 62. Kh6 Rh2 63. Rg6 Rh1 64. Rg8+ Kc7 65. Rg7 Kd6 66. Rf7
Nc5 67. Rf6+ Ke7 68. Rb6 b3 69. Rb5 Kd6 70. Kg6 Rg1+ 71. Kf7 Rh1 72. h6 Nd7 73.
Be6 Kc6 74. Bxd7+ Kxd7 75. Kg7 Rg1+ 76. Kf6 Rh1 77. Kg7 Rg1+ 78. Kh8 Rg4 79.
Rxb3 Rxe4 80. Rg3 Ke6 81. Kg7 Rh4 82. h7 Kf5 83. Rf3+ Kg5 84. Rf1 e4 85. h8=Q
Rxh8 86. Kxh8 Kg4 87. Kg7 e3 88. Kf6 e2 89. Rc1 Kf3 90. Re1 1/2-1/2

[Event "Aeroflot Open 2016 B"]
[Site "Moscu RUS"]
[Date "2016.03.07"]
[Round "7.11"]
[White "Papin, Vasily"]
[Black "Abhishek, Kelkar"]
[Result "1/2-1/2"]
[WhiteElo "2476"]
[BlackElo "2375"]
[PlyCount "27"]
[EventDate "2016.03.01"]
[EventType "swiss"]
[EventRounds "9"]
[EventCountry "RUS"]
[Source "lmi"]
[SourceDate "2016.03.01"]

1. Nf3 Nf6 2. c4 c6 3. Nc3 d5 4. e3 a6 5. Qc2 g6 6. d4 Bg7 7. Be2 O-O 8. O-O b5
9. cxd5 cxd5 10. Ne5 Qd6 11. Qb3 Be6 12. Nd3 Nc6 13. Nf4 Rfd8 14. Nxe6 1/2-1/2

[Event "Aeroflot Open 2016 B"]
[Site "Moscu RUS"]
[Date "2016.03.07"]
[Round "7.12"]
[White "Schreiner, Peter"]
[Black "Wang, Chen"]
[Result "1/2-1/2"]
[WhiteElo "2446"]
[BlackElo "2526"]
[PlyCount "33"]
[EventDate "2016.03.01"]
[EventType "swiss"]
[EventRounds "9"]
[EventCountry "RUS"]
[Source "lmi"]
[SourceDate "2016.03.01"]

1. d4 Nf6 2. c4 e6 3. g3 Bb4+ 4. Bd2 Qe7 5. Nf3 O-O 6. Nc3 d6 7. Bg2 Bxc3 8.
Bxc3 Ne4 9. Rc1 Nd7 10. O-O Ndf6 11. Be1 e5 12. d5 a5 13. Nd2 Bf5 14. Nxe4 Bxe4
15. f3 Bg6 16. e4 Nd7 17. g4 1/2-1/2

[Event "Aeroflot Open 2016 B"]
[Site "Moscu RUS"]
[Date "2016.03.07"]
[Round "7.13"]
[White "Rogozenco, Dorian"]
[Black "Oganian, Miran"]
[Result "0-1"]
[WhiteElo "2500"]
[BlackElo "2422"]
[PlyCount "70"]
[EventDate "2016.03.01"]
[EventType "swiss"]
[EventRounds "9"]
[EventCountry "RUS"]
[Source "lmi"]
[SourceDate "2016.03.01"]

1. c4 Nf6 2. Nc3 e6 3. d4 d5 4. Bg5 dxc4 5. e3 c5 6. Bxc4 cxd4 7. exd4 Be7 8.
Nf3 O-O 9. O-O a6 10. Qe2 b5 11. Bb3 Bb7 12. Rad1 b4 13. d5 bxc3 14. dxe6 Qc7
15. exf7+ Kh8 16. Rc1 Bb4 17. a3 Ng4 18. g3 Qc6 19. axb4 Ne5 20. Bd1 Qxf3 21.
Qxf3 Nxf3+ 22. Bxf3 Bxf3 23. Rxc3 Bg4 24. f3 Bh3 25. Rd1 Nd7 26. Rc7 Ne5 27.
Bf4 Nxf7 28. g4 Nd8 29. Be5 Ne6 30. Re7 Rxf3 31. Rxe6 Raf8 32. Bxg7+ Kxg7 33.
Ree1 R8f7 34. Ra1 h6 35. Rec1 R7f6 0-1

[Event "Aeroflot Open 2016 B"]
[Site "Moscu RUS"]
[Date "2016.03.07"]
[Round "7.14"]
[White "Dvalishvili, Pavel S"]
[Black "Kotanjian, Tigran"]
[Result "0-1"]
[WhiteElo "2442"]
[BlackElo "2487"]
[PlyCount "36"]
[EventDate "2016.03.01"]
[EventType "swiss"]
[EventRounds "9"]
[EventCountry "RUS"]
[Source "lmi"]
[SourceDate "2016.03.01"]

1. e4 c5 2. b3 Nc6 3. Bb2 d6 4. f4 e6 5. Nf3 Nf6 6. Nc3 Be7 7. Bb5 Bd7 8. e5
dxe5 9. fxe5 Nd5 10. Qe2 O-O 11. Qe4 Ncb4 12. Bxd7 Qxd7 13. Ne2 f5 14. exf6
Nxf6 15. Qc4 b5 16. Qc3 Bd6 17. Bc1 e5 18. O-O Nfd5 0-1

[Event "Aeroflot Open 2016 B"]
[Site "Moscu RUS"]
[Date "2016.03.07"]
[Round "7.15"]
[White "Li, Di"]
[Black "Petrosyan, Manuel"]
[Result "1/2-1/2"]
[WhiteElo "2428"]
[BlackElo "2484"]
[PlyCount "30"]
[EventDate "2016.03.01"]
[EventType "swiss"]
[EventRounds "9"]
[EventCountry "RUS"]
[Source "lmi"]
[SourceDate "2016.03.01"]

1. c4 e5 2. Nc3 Nc6 3. e3 Nf6 4. Nf3 Be7 5. a3 d5 6. cxd5 Nxd5 7. Qc2 O-O 8.
Be2 Be6 9. O-O a5 10. d3 f5 11. Na4 Qd6 12. d4 e4 13. Nd2 b6 14. b3 Bf6 15. Bb2
Bd7 1/2-1/2

[Event "Aeroflot Open 2016 B"]
[Site "Moscu RUS"]
[Date "2016.03.07"]
[Round "7.16"]
[White "Moskalenko, Alexander"]
[Black "Liu, Chang"]
[Result "1-0"]
[WhiteElo "2475"]
[BlackElo "2378"]
[PlyCount "43"]
[EventDate "2016.03.01"]
[EventType "swiss"]
[EventRounds "9"]
[EventCountry "RUS"]
[Source "lmi"]
[SourceDate "2016.03.01"]

1. e4 d6 2. d4 g6 3. Nc3 Bg7 4. Be3 Nf6 5. Qd2 c6 6. Bh6 O-O 7. O-O-O b5 8. f3
b4 9. Nce2 Qa5 10. Kb1 e5 11. h4 c5 12. Bxg7 Kxg7 13. dxe5 dxe5 14. h5 Be6 15.
Nc1 Nc6 16. hxg6 fxg6 17. Qh6+ Kg8 18. Rd6 Nd4 19. Nh3 Bxh3 20. Rxh3 Qc7 21.
Bc4+ Kh8 22. Qxg6 1-0

[Event "Aeroflot Open 2016 B"]
[Site "Moscu RUS"]
[Date "2016.03.07"]
[Round "7.17"]
[White "Sychev, Klementy"]
[Black "Golubov, Saveliy"]
[Result "1/2-1/2"]
[WhiteElo "2424"]
[BlackElo "2469"]
[PlyCount "101"]
[EventDate "2016.03.01"]
[EventType "swiss"]
[EventRounds "9"]
[EventCountry "RUS"]
[Source "lmi"]
[SourceDate "2016.03.01"]

1. d4 Nf6 2. c4 g6 3. Nc3 Bg7 4. e4 d6 5. Nf3 O-O 6. Be2 Nbd7 7. O-O e5 8. Be3
Re8 9. d5 Nh5 10. g3 Bf8 11. Ne1 Ng7 12. Nd3 f5 13. f3 Be7 14. Qd2 Nf6 15. Bh6
fxe4 16. fxe4 Ng4 17. Bxg4 Bxg4 18. Kg2 Qc8 19. Nf2 Bd7 20. h3 Nh5 21. Rae1 c6
22. b3 a6 23. Re3 c5 24. a4 Bf8 25. Rf3 Nf4+ 26. Bxf4 exf4 27. gxf4 Bg7 28. Rg3
Qd8 29. Re1 Kh8 30. Nd3 Qh4 31. e5 Bf5 32. e6 Rf8 33. Ne4 Qe7 34. a5 b5 35.
axb6 Rab8 36. Ndf2 Rxb6 37. Rf3 Rfb8 38. Qd1 a5 39. Ng3 a4 40. bxa4 Bd4 41.
Nxf5 gxf5 42. Nd3 R6b7 43. Rg3 Qh4 44. Kh2 h6 45. a5 Ra7 46. Qe2 Re8 47. Qg2
Qe7 48. Qf3 Qh4 49. Qg2 Qe7 50. Qe2 Qh4 51. Qg2 1/2-1/2

[Event "Aeroflot Open 2016 B"]
[Site "Moscu RUS"]
[Date "2016.03.07"]
[Round "7.18"]
[White "Wang, Jue"]
[Black "Kashlinskaya, Alina"]
[Result "0-1"]
[WhiteElo "2369"]
[BlackElo "2454"]
[PlyCount "76"]
[EventDate "2016.03.01"]
[EventType "swiss"]
[EventRounds "9"]
[EventCountry "RUS"]
[Source "lmi"]
[SourceDate "2016.03.01"]

1. e4 e6 2. d4 d5 3. e5 c5 4. c3 Nc6 5. Nf3 Qb6 6. a3 Nh6 7. b4 cxd4 8. Bxh6
gxh6 9. cxd4 Bd7 10. Ra2 Rg8 11. g3 Rg4 12. Rd2 a5 13. b5 Re4+ 14. Be2 Qxb5 15.
O-O Qb6 16. Nc3 Bxa3 17. Nxe4 dxe4 18. Nh4 Ne7 19. Bc4 Rc8 20. Qa1 Qb4 21. Ra2
Qxc4 22. Rxa3 a4 23. Ng2 Nd5 24. Nf4 b5 25. Rb1 Nc3 26. Rc1 b4 27. Raxc3 bxc3
28. Nh5 Qb3 29. Nf6+ Kd8 30. Rb1 c2 31. Rf1 Qd3 32. Qc1 a3 33. Re1 Qc3 34. Rf1
e3 35. fxe3 a2 36. e4 Qxd4+ 37. Kg2 a1=Q 38. Qf4 Qxf1+ 0-1

[Event "Aeroflot Open 2016 B"]
[Site "Moscu RUS"]
[Date "2016.03.07"]
[Round "7.19"]
[White "Girya, Olga"]
[Black "Zhang, Ziji"]
[Result "1/2-1/2"]
[WhiteElo "2452"]
[BlackElo "2283"]
[PlyCount "84"]
[EventDate "2016.03.01"]
[EventType "swiss"]
[EventRounds "9"]
[EventCountry "RUS"]
[Source "lmi"]
[SourceDate "2016.03.01"]

1. d4 d5 2. c4 c6 3. Nf3 Nf6 4. Nc3 dxc4 5. a4 Bf5 6. e3 e6 7. Bxc4 Bb4 8. O-O
Nbd7 9. Qe2 O-O 10. e4 Bg6 11. Bd3 Bh5 12. e5 Nd5 13. Nxd5 cxd5 14. Qe3 Be7 15.
Ng5 Bxg5 16. Qxg5 Bg6 17. Be2 Nb8 18. Qxd8 Rxd8 19. Bd2 Nc6 20. Bc3 Rdc8 21. a5
a6 22. Rfc1 Na7 23. Ra4 Rc7 24. f3 f6 25. exf6 gxf6 26. Re1 Nc6 27. Bf1 Re8 28.
Raa1 Kf7 29. Rad1 Na7 30. Bb4 Rc2 31. Bc3 Rc8 32. Re2 Rxe2 33. Bxe2 Nb5 34.
Bxb5 axb5 35. Rc1 e5 36. dxe5 fxe5 37. Bd2 Rxc1+ 38. Bxc1 Ke6 39. Kf2 d4 40.
Bh6 Bd3 41. Bg7 Kd5 42. h4 b4 1/2-1/2

[Event "Aeroflot Open 2016 B"]
[Site "Moscu RUS"]
[Date "2016.03.07"]
[Round "7.20"]
[White "Venkatesh, M.R."]
[Black "Mammadzada, Gunay"]
[Result "1-0"]
[WhiteElo "2443"]
[BlackElo "2345"]
[PlyCount "67"]
[EventDate "2016.03.01"]
[EventType "swiss"]
[EventRounds "9"]
[EventCountry "RUS"]
[Source "lmi"]
[SourceDate "2016.03.01"]

1. Nf3 d5 2. g3 Nf6 3. Bg2 c6 4. O-O Bg4 5. d4 Nbd7 6. Nbd2 e6 7. Re1 Be7 8. c3
O-O 9. e4 h6 10. e5 Nh7 11. h3 Bh5 12. g4 Bg6 13. Nf1 c5 14. Ng3 Rc8 15. Be3
Re8 16. Bf1 f6 17. exf6 Bxf6 18. Bd3 Bf7 19. Nh5 Bxh5 20. gxh5 e5 21. Bg6 Re7
22. Qb3 c4 23. Qb5 Ndf8 24. dxe5 Bxe5 25. Bxa7 Qd6 26. Bf5 Rc6 27. Bb8 Qxb8 28.
Qxd5+ Kh8 29. Nxe5 Rf6 30. Bxh7 Kxh7 31. Ng4 Rxe1+ 32. Rxe1 Rd6 33. Qf7 Qd8 34.
Re7 1-0

[Event "Aeroflot Open 2016 B"]
[Site "Moscu RUS"]
[Date "2016.03.07"]
[Round "7.21"]
[White "Ziaziulkina, Nastassia"]
[Black "Nikolenko, Oleg"]
[Result "0-1"]
[WhiteElo "2401"]
[BlackElo "2511"]
[PlyCount "102"]
[EventDate "2016.03.01"]
[EventType "swiss"]
[EventRounds "9"]
[EventCountry "RUS"]
[Source "lmi"]
[SourceDate "2016.03.01"]

1. e4 e5 2. Nf3 Nc6 3. Bb5 a6 4. Ba4 Nf6 5. O-O Be7 6. Re1 b5 7. Bb3 d6 8. c3
O-O 9. h3 Na5 10. Bc2 c5 11. d4 Nd7 12. a4 b4 13. cxb4 cxb4 14. Nbd2 exd4 15.
Nxd4 Bf6 16. N2b3 Nxb3 17. Bxb3 Qb6 18. Be3 Nc5 19. Re2 Nxb3 20. Nxb3 Qd8 21.
Bd4 Re8 22. Bxf6 Qxf6 23. Qd4 Qxd4 24. Nxd4 Bd7 25. f3 Rac8 26. Rd2 Red8 27.
Kf2 Kf8 28. Ke3 Ke7 29. Ne2 Rc5 30. Nf4 Be6 31. a5 Rb8 32. Nd5+ Kd7 33. Nb6+
Kc6 34. f4 f6 35. Rad1 Rd8 36. Nd5 Kb5 37. b3 Re8 38. Rd4 Bxd5 39. Rxd5 f5 40.
e5 dxe5 41. Rxc5+ Kxc5 42. Rd7 exf4+ 43. Kxf4 Re4+ 44. Kf3 Rd4 45. Rc7+ Kb5 46.
Ke3 Rd1 47. Rxg7 Rb1 48. Rxh7 Rxb3+ 49. Kd4 Rg3 50. Rf7 b3 51. Rxf5+ Ka4 0-1

[Event "Aeroflot Open 2016 B"]
[Site "Moscu RUS"]
[Date "2016.03.07"]
[Round "7.22"]
[White "Pavlovic, Milos"]
[Black "Charochkina, Daria"]
[Result "1-0"]
[WhiteElo "2494"]
[BlackElo "2381"]
[PlyCount "71"]
[EventDate "2016.03.01"]
[EventType "swiss"]
[EventRounds "9"]
[EventCountry "RUS"]
[Source "lmi"]
[SourceDate "2016.03.01"]

1. Nf3 Nf6 2. d4 g6 3. Bg5 Bg7 4. c3 O-O 5. Nbd2 d5 6. e3 b6 7. Be2 Bb7 8. O-O
Nbd7 9. b4 c5 10. bxc5 bxc5 11. Qb3 Bc6 12. Qa3 Ne4 13. Nxe4 dxe4 14. Nd2 h6
15. Bh4 g5 16. Bg3 e5 17. Nb3 exd4 18. cxd4 Bd5 19. dxc5 Bxb3 20. Qxb3 Ne5 21.
Rfd1 Qe7 22. Rab1 Rad8 23. h3 Qxc5 24. Rxd8 Rxd8 25. Bh5 Rd7 26. Qa4 Qc6 27.
Qxc6 Nxc6 28. Bg4 Rd5 29. Rb7 Rc5 30. Rc7 Bf8 31. Bh5 f5 32. Bf7+ Kh8 33. Be6
f4 34. exf4 Bd6 35. Rc8+ Kh7 36. fxg5 1-0

[Event "Aeroflot Open 2016 B"]
[Site "Moscu RUS"]
[Date "2016.03.07"]
[Round "7.23"]
[White "Praggnanandhaa, R."]
[Black "Babujian, Levon"]
[Result "1-0"]
[WhiteElo "2339"]
[BlackElo "2491"]
[PlyCount "67"]
[EventDate "2016.03.01"]
[EventType "swiss"]
[EventRounds "9"]
[EventCountry "RUS"]
[Source "lmi"]
[SourceDate "2016.03.01"]

1. e4 e5 2. Nf3 Nc6 3. Bc4 Nf6 4. d3 Bc5 5. c3 d6 6. Bb3 O-O 7. O-O a6 8. h3 h6
9. Re1 Be6 10. Bc2 Ba7 11. Nbd2 d5 12. exd5 Qxd5 13. Qe2 Rfe8 14. Nf1 Qd7 15.
Be3 Bxe3 16. fxe3 Rad8 17. Ng3 b5 18. Qf2 Qd6 19. d4 b4 20. Ba4 exd4 21. Nxd4
Bd7 22. Bxc6 Bxc6 23. Ngf5 Qd7 24. Qg3 Nh5 25. Qg4 g6 26. Nxh6+ Kg7 27. Nhf5+
Kg8 28. Rf1 Bd5 29. cxb4 Re4 30. Qg5 Rde8 31. Nh6+ Kh8 32. Ng4 Kg8 33. Qxh5 Qd6
34. Qxd5 1-0

[Event "Aeroflot Open 2016 B"]
[Site "Moscu RUS"]
[Date "2016.03.07"]
[Round "7.24"]
[White "Kanter, Eduard"]
[Black "Ulko, Jaroslav"]
[Result "1-0"]
[WhiteElo "2353"]
[BlackElo "2452"]
[PlyCount "63"]
[EventDate "2016.03.01"]
[EventType "swiss"]
[EventRounds "9"]
[EventCountry "RUS"]
[Source "lmi"]
[SourceDate "2016.03.01"]

1. d4 Nf6 2. c4 g6 3. Nc3 Bg7 4. e4 d6 5. Nf3 O-O 6. Be2 e5 7. O-O Nc6 8. Be3
Re8 9. dxe5 Nxe5 10. Nxe5 dxe5 11. Qxd8 Rxd8 12. Rfd1 Rd7 13. Nb5 c5 14. Bxc5
b6 15. Ba3 Nxe4 16. Bf3 f5 17. Nd6 Bb7 18. Nxb7 Rxb7 19. Bxe4 fxe4 20. Rd5 Rc8
21. b3 a6 22. Bd6 Rd7 23. Rad1 Re8 24. Kf1 Kf7 25. Ke2 Ke6 26. Bf8 Rxd5 27.
cxd5+ Kf7 28. Bxg7 Kxg7 29. Ke3 Kf6 30. d6 Rf8 31. Kxe4 Ke6 32. d7 1-0

[Event "Aeroflot Open 2016 B"]
[Site "Moscu RUS"]
[Date "2016.03.07"]
[Round "7.25"]
[White "Baghdasaryan, Vahe"]
[Black "Strelnikov, Sergey"]
[Result "1-0"]
[WhiteElo "2436"]
[BlackElo "2349"]
[PlyCount "81"]
[EventDate "2016.03.01"]
[EventType "swiss"]
[EventRounds "9"]
[EventCountry "RUS"]
[Source "lmi"]
[SourceDate "2016.03.01"]

1. c4 f5 2. Nc3 Nf6 3. g3 e5 4. Bg2 Bb4 5. Qb3 Na6 6. a3 Be7 7. Qc2 d6 8. d3
O-O 9. b4 Qe8 10. e3 c6 11. Nge2 Nc7 12. O-O Bd8 13. a4 d5 14. cxd5 cxd5 15.
Ba3 Rf7 16. b5 Be7 17. Qb3 Be6 18. d4 e4 19. b6 Bxa3 20. Rxa3 axb6 21. Qxb6 Bc8
22. Rc1 Ra6 23. Qb2 g5 24. Bf1 Nh5 25. Nb5 Nxb5 26. axb5 Rxa3 27. Qxa3 f4 28.
Qd6 fxe3 29. fxe3 Be6 30. Nc3 Qd7 31. Qxd7 Rxd7 32. Na4 Re7 33. b6 Nf6 34. Nc5
Kf7 35. Ba6 Bc8 36. Nb3 Be6 37. Nc5 Bc8 38. Be2 Bg4 39. Bxg4 Nxg4 40. Nxb7 Nf6
41. Nd8+ 1-0

[Event "Aeroflot Open 2016 B"]
[Site "Moscu RUS"]
[Date "2016.03.07"]
[Round "7.26"]
[White "Dai, Changren"]
[Black "Tunik, Gennady"]
[Result "1-0"]
[WhiteElo "2353"]
[BlackElo "2426"]
[PlyCount "119"]
[EventDate "2016.03.01"]
[EventType "swiss"]
[EventRounds "9"]
[EventCountry "RUS"]
[Source "lmi"]
[SourceDate "2016.03.01"]

1. e4 c5 2. Ne2 Nc6 3. d4 cxd4 4. Nxd4 e6 5. Nc3 a6 6. Nxc6 bxc6 7. e5 Qc7 8.
Bf4 Ne7 9. Bd3 Ng6 10. Bxg6 hxg6 11. O-O c5 12. Ne4 Bb7 13. Qe2 Rb8 14. b3 Be7
15. Rad1 Bxe4 16. Qxe4 Qb7 17. Qd3 Qc6 18. Rfe1 Rb4 19. c4 Rb7 20. Qd2 f6 21.
Bg3 Kf7 22. Re3 f5 23. Rd3 g5 24. f4 gxf4 25. Bxf4 Ke8 26. Bg5 Bf8 27. Qa5 Rc7
28. Qe1 Rh7 29. Qg3 Rb7 30. Qf4 g6 31. Bf6 Kf7 32. Kh1 d6 33. Qg5 Rh5 34. Qg3
dxe5 35. Bxe5 Be7 36. Qf2 Qe4 37. Qb2 Ke8 38. Bg3 Rh7 39. Qc3 Qc6 40. Be5 Kf7
41. Rh3 Rh4 42. Rxh4 Bxh4 43. Bh8 Kg8 44. Bf6 Qe4 45. h3 Bf2 46. Qd2 Bd4 47.
Re1 Qc6 48. Bxd4 cxd4 49. Qxd4 Kf7 50. Rd1 Re7 51. Qh8 Re8 52. Qh7+ Kf6 53. Rd7
Qe4 54. h4 Qe1+ 55. Kh2 Qe5+ 56. Kh3 Qe3+ 57. g3 Ke5 58. Qg7+ Ke4 59. Rd1 Qf2
60. Qc3 1-0

[Event "Aeroflot Open 2016 B"]
[Site "Moscu RUS"]
[Date "2016.03.07"]
[Round "7.27"]
[White "Tsydypov, Zhamsaran"]
[Black "Vaishali, R."]
[Result "1-0"]
[WhiteElo "2425"]
[BlackElo "2337"]
[PlyCount "97"]
[EventDate "2016.03.01"]
[EventType "swiss"]
[EventRounds "9"]
[EventCountry "RUS"]
[Source "lmi"]
[SourceDate "2016.03.01"]

1. e4 e5 2. Nf3 Nc6 3. Nc3 Nf6 4. Bb5 Bd6 5. d3 h6 6. O-O a6 7. Ba4 O-O 8. a3
Re8 9. Bb3 Bc5 10. Be3 d6 11. Bxc5 dxc5 12. h3 Be6 13. Bxe6 Rxe6 14. Nd2 Nd4
15. Nc4 Nd7 16. Ne3 Rg6 17. Nb1 Nf8 18. Nd2 Qh4 19. Kh2 Nfe6 20. g3 Qd8 21. Ng4
Qg5 22. Nc4 Nc6 23. f4 exf4 24. gxf4 Nxf4 25. Qf3 Nxh3 26. Kxh3 Qh5+ 27. Kg3
Nd4 28. Qxf7+ Kh7 29. Nce3 Qg5 30. Rae1 h5 31. Rh1 Nxc2 32. Qf5 Qxf5 33. exf5
Rxg4+ 34. Nxg4 Nxe1 35. Ne5 Nc2 36. Rxh5+ Kg8 37. Rg5 Rf8 38. Nd7 Rf7 39. Ne5
Rf6 40. Ng4 Rd6 41. f6 Kf8 42. fxg7+ Kg8 43. Kh4 c4 44. dxc4 Nd4 45. Kh5 Nf3
46. Rg6 Rxg6 47. Kxg6 Nh4+ 48. Kf6 Kh7 49. Kf7 1-0

[Event "Aeroflot Open 2016 B"]
[Site "Moscu RUS"]
[Date "2016.03.07"]
[Round "7.28"]
[White "Kathmale, Sameer"]
[Black "Balashov, Yuri S"]
[Result "1/2-1/2"]
[WhiteElo "2216"]
[BlackElo "2408"]
[PlyCount "108"]
[EventDate "2016.03.01"]
[EventType "swiss"]
[EventRounds "9"]
[EventCountry "RUS"]
[Source "lmi"]
[SourceDate "2016.03.01"]

1. e4 e5 2. Nf3 Nc6 3. Bb5 a6 4. Ba4 Nf6 5. O-O Be7 6. Qe2 b5 7. Bb3 O-O 8. c3
d5 9. d3 Re8 10. Nbd2 Bf8 11. a3 h6 12. exd5 Nxd5 13. Ne4 Be6 14. Ba2 f5 15.
Ng3 Qf6 16. Re1 Bf7 17. Qc2 Nb6 18. Bxf7+ Qxf7 19. b3 g6 20. a4 bxa4 21. bxa4
Rad8 22. a5 Nd5 23. Ra4 Bg7 24. Bd2 Rd6 25. Rb1 Red8 26. h3 Nf6 27. Ne1 Kh7 28.
Bc1 Qd5 29. Nf1 Qe6 30. Ne3 R6d7 31. Rc4 e4 32. d4 Ne7 33. Rc5 Ned5 34. c4 Ne7
35. d5 Qd6 36. Ba3 f4 37. Nf1 c6 38. Rb6 e3 39. fxe3 fxe3 40. dxc6 Rc7 41. Rd5
Qxa3 42. Rxd8 Nxc6 43. Rd1 Qxa5 44. Rb3 Nh5 45. Rxe3 Bd4 46. Qf2 Bxe3 47. Nxe3
Ne5 48. Rd5 Qa1 49. Kh2 Rf7 50. Qd2 Nc6 51. Ng4 Qg7 52. Nf3 Nf6 53. Nxf6+ Rxf6
54. Rd7 Rf7 1/2-1/2